00321nam a2200121Ia 4500008004100000041000800041082001200049100001500061245004100076260003900117300003200156365001100188240624s9999 xx 000 0 und d aeng a920 BOS aBOSE MIHIR aLOST HERO A BIOGRAPHY OF SUBHAS BOSE c2014aNew DelhibWide Canvas/Vikas axxvi, : 558 : p. : cm. ; 21 cRSb30